[Event "GAMMA Reykjavik Open 2019"]
[Site "Reykjavik"]
[Date "2019.04.09"]
[Round "3.18"]
[White "Bentel, Robin"]
[Black "Stefansson, Hannes"]
[Result "0-1"]
[WhiteElo "2130"]
[BlackElo "2558"]
[Annotator "ChessBase"]
[PlyCount "104"]
[EventDate "2019.04.04"]
[EventType "swiss"]
[EventCountry "ISL"]
[SourceTitle "playchess.com"]
[Source "ChessBase"]
[SourceQuality "1"]
[TimeControl "40/5400+30:1800+30"]

1. d4 {[%emt 0:00:00]} d5 {[%emt 0:00:34]} 2. c4 {[%emt 0:00:00]} Nc6 {[%emt 0:00:05]} 3. Nc3 {[%emt 0:03:33]} Nf6 {[%emt 0:00:31]} 4. Nf3 {[%emt 0:01:56]} dxc4 {[%emt 0:00:19]} 5. Bg5 {[%emt 0:03:43]} Bg4 {[%emt 0:11:17]} 6. e3 {[%emt 0:10:46]} e6 {[%emt 0:14:26]} 7. Bxc4 {[%emt 0:00:50]} Be7 {[%emt 0:00:23]} 8. O-O {[%emt 0:01:22]} O-O {[%emt 0:00:19]} 9. h3 {[%emt 0:04:32]} Bh5 {[%emt 0:01:10]} 10. Rc1 {[%emt 0:07:02]} Nd5 {[%emt 0:25:40]} 11. Bxe7 {[%emt 0:02:58]} Ncxe7 {[%emt 0:01:19]} 12. Be2 {[%emt 0:02:28]} c6 {[%emt 0:04:55]} 13. a3 {[%emt 0:04:36]} Bxf3 {[%emt 0:06:53]} 14. Bxf3 {[%emt 0:00:14]} Nf5 {[%emt 0:00:31]} 15. Qb3 {[%emt 0:04:55]} Rb8 {[%emt 0:04:12]} 16. Ne2 {[%emt 0:09:54]} Nh4 {[%emt 0:05:12]} 17. Be4 {[%emt 0:08:39]} f5 {[%emt 0:03:24]} 18. Bxd5 {[%emt 0:02:49]} exd5 {[%emt 0:00:10]} 19. Nf4 {[%emt 0:00:42]} Qe8 {[%emt 0:06:44]} 20. Qd1 {[%emt 0:05:20]} g5 {[%emt 0:02:51]} 21. Qh5 {[%emt 0:01:56]} Qxh5 {[%emt 0:02:18]} 22. Nxh5 {[%emt 0:00:02]} Kf7 {[%emt 0:00:53]} 23. f4 {[%emt 0:02:39]} Kg6 {[%emt 0:01:48]} 24. Ng3 {[%emt 0:00:29]} Rbe8 {[%emt 0:01:04]} 25. Rc3 {[%emt 0:00:51]} h6 {[%emt 0:01:31]} 26. Ne2 {[%emt 0:02:12]} Kh7 {[%emt 0:01:14]} 27. g3 {[%emt 0:04:15]} Ng6 {[%emt 0:00:05]} 28. Kf2 {[%emt 0:00:12]} Nh8 {[%emt 0:01:43]} 29. Rb3 {[%emt 0:05:15]} Re7 {[%emt 0:01:24]} 30. fxg5 {[%emt 0:02:30]} hxg5 {[%emt 0:00:14]} 31. Kg2 {[%emt 0:00:17]} Ng6 {[%emt 0:01:16]} 32. Ng1 {[%emt 0:02:49]} Kh6 {[%emt 0:00:57]} 33. Rd3 {[%emt 0:01:04]} f4 {[%emt 0:00:29]} 34. Ne2 {[%emt 0:03:15]} Rfe8 {[%emt 0:00:34]} 35. gxf4 {[%emt 0:00:20]} Rxe3 {[%emt 0:00:20]} 36. Rxe3 {[%emt 0:01:48]} Rxe3 {[%emt 0:00:02]} 37. fxg5+ {[%emt 0:00:21]} Kxg5 {[%emt 0:00:09]} 38. Kf2 {[%emt 0:00:27]} Rb3 {[%emt 0:00:32]} 39. Rg1+ {[%emt 0:01:42]} Kf6 {[%emt 0:00:41]} 40. Rb1 {[%emt 0:00:00]} Rxh3 {[%emt 0:00:00]} 41. Ng3 {[%emt 0:07:26]} Nh4 {[%emt 0:07:58]} 42. b4 {[%emt 0:03:34]} Nf5 {[%emt 0:03:38]} 43. Nxf5 {[%emt 0:00:22]} Kxf5 {[%emt 0:00:02]} 44. b5 {[%emt 0:00:09]} Ke4 {[%emt 0:06:03]} 45. bxc6 {[%emt 0:00:32]} bxc6 {[%emt 0:00:08]} 46. Rc1 {[%emt 0:00:15]} Rh6 {[%emt 0:01:52]} 47. Rd1 {[%emt 0:00:33]} Rh2+ {[%emt 0:00:20]} 48. Kg3 {[%emt 0:00:29]} Ra2 {[%emt 0:00:11]} 49. Rc1 {[%emt 0:00:04]} Rxa3+ {[%emt 0:00:09]} 50. Kf2 {[%emt 0:00:05]} Ra6 {[%emt 0:00:49]} 51. Rd1 {[%emt 0:00:05]} Ra4 {[%emt 0:00:49]} 52. Rc1 {[%emt 0:00:07]} Rc4 {[%emt 0:00:10]} 0-1

[Event "GAMMA Reykjavik Open 2019"]
[Site "Reykjavik"]
[Date "2019.04.09"]
[Round "3.19"]
[White "Jacobsen, Mikkel Manosri"]
[Black "Loiseau, Quentin"]
[Result "1/2-1/2"]
[WhiteElo "2302"]
[BlackElo "2461"]
[Annotator "TA"]
[PlyCount "25"]
[EventDate "2019.04.04"]
[EventType "swiss"]
[EventCountry "ISL"]
[SourceTitle "playchess.com"]
[Source "ChessBase"]
[SourceQuality "1"]

{[%evp 23,25,-9,0,0]} 1. d4 d5 2. Bf4 Nf6 3. e3 c5 4. c3 Nc6 5. Nf3 Qb6 6. Qb3 c4 7. Qxb6 axb6 8. Na3 Bf5 9. Nh4 Bd7 10. Nf3 $146 ({Predecessor:} 10. Bc7 e5 11. Nc2 e4 12. f4 b5 13. Be2 Be7 14. g3 O-O 15. O-O Rfc8 16. Be5 Ng4 17. Bxg4 Bxg4 {0-1 (26) Bochkarev,A (2302)-Smirnov,P (2626) Izhevsk 2014}) 10... Bf5 11. Nh4 Bd7 12. Nf3 Bf5 {LiveBook: 49 Games} 13. Nh4 {D02: 1 d4 d5 2 Nf3 sidelines, including 2...Nf6 3 g3 and 2...Nf6 3 Bf4} 1/2-1/2

[Event "GAMMA Reykjavik Open 2019"]
[Site "Reykjavik"]
[Date "2019.04.09"]
[Round "3.20"]
[White "Thorhallsson, Simon"]
[Black "Gretarsson, Hjorvar Steinn"]
[Result "0-1"]
[WhiteElo "2171"]
[BlackElo "2571"]
[Annotator "TA"]
[PlyCount "144"]
[EventDate "2019.04.04"]
[EventType "swiss"]
[EventCountry "ISL"]
[SourceTitle "playchess.com"]
[Source "ChessBase"]
[SourceQuality "1"]

{[%evp 17,144,4,31,31,18,12,11,10,33,27,58,15,16,14,42,30,65,53,68,52,75,56,68,67,65,56,61,57,62,59,64,73,72,45,83,0,0,0,0,-7,-6,-10,-7,-14,0,-14,0,0,0,0,0,-6,20,20,17,0,0,0,40,0,0,0,0,0,0,0,0,0,224,83,116,96,548,-17,0,-40,50,-113,-116,-120,-109,-90,-100,-98,-89,-148,-145,-118,-125,-199,-157,-279,-279,-295,-299,-363,-349,-478,-483,-758,-662,-867,-378,-540,-524,-498,-466,-12819,-12672,-29951,-29948,-29947,-29950,-29949,-29945,-11775,-4710,-29949,-29944,-5091,-4671,-29965,-29965,-29957,-29955,-29949,-6397,-5589,-5434]} 1. d4 Nf6 2. c4 e6 3. g3 d5 4. Nf3 Bb4+ 5. Bd2 Be7 6. Bg2 O-O 7. O-O c6 8. Qc2 Nbd7 9. Bf4 a5 10. Rd1 {E08: Closed Catalan: Main Line: 7 Qc2} b5 11. cxb5 cxb5 12. Ne5 {The position is equal.} Ba6 $146 ({Predecessor:} 12... Bb7 13. Nc6 Qe8 14. a4 {½-½ (14) Rozum,I (2439)-Popov,V (2542) St Petersburg 2008}) 13. Nc6 Rc8 {Black wants to play ...Kh8.} 14. Nxe7+ Qxe7 15. Qd2 b4 16. a3 b3 17. Qxa5 Bxe2 18. Re1 Bc4 19. Bd2 Rfd8 20. Bb4 Qe8 21. Nd2 Ra8 22. Qc7 Rdc8 23. Qf4 Nb6 {[%cal Bd7b6,Bb6a4,Ba4b2][%mdl 32]} 24. Rac1 Qb5 25. Qe3 Na4 26. Nxb3 (26. Nxc4 $16 dxc4 27. Bxa8 Rxa8 28. Qe2) 26... Nxb2 $11 {aiming for ...Nd3.} 27. Nc5 h6 28. Rc2 Na4 29. Nxa4 Qxa4 30. Rec1 Nd7 31. h3 Qa6 32. h4 Rc6 33. g4 Rac8 34. g5 hxg5 35. hxg5 Nf8 36. Bxf8 Kxf8 {[#]} 37. g6 $1 {[%mdl 512]} fxg6 (37... e5 $5) 38. Qg5 Kg8 39. Rc3 Qb6 40. Qxg6 Qxd4 41. Rf3 {White wants to mate with Qf7+.} Rf8 {next ...Bd3 is good for Black.} 42. Rcc3 Qc5 $2 {[#]} ({But not} 42... Qd1+ $6 43. Kh2 $16) (42... Rb6 $11 {and Black is okay.}) 43. Rxf8+ (43. Bh3 $1 $18 {[%cal Rh3e6] and the rest is easy.} Rxf3 44. Rxf3) 43... Qxf8 $16 {[#]} 44. Rh3 $1 ({Stronger than} 44. Rxc4 Rxc4 45. Qxe6+ Kh7 $17) 44... Be2 $2 {[%mdl 8192]} (44... Qc8 $16 {is more resistant.}) 45. Qh7+ $2 ({White must play} 45. Bf1 $18 Bg4 46. Qxg4) 45... Kf7 $11 46. Bf3 Ba6 ({Black should try} 46... Rc1+ $15 47. Kh2 Qb8+ 48. Rg3 Bxf3 49. Qxg7+ Ke8 50. Qg8+ Kd7 51. Qf7+ Kc6 52. Qxf3 Qh8+ 53. Rh3 Qg7) 47. Bh5+ $2 (47. Bd1 $14 {keeps the upper hand.} e5 48. Qf5+ Rf6 49. Qxe5) 47... Ke7 $17 {...Rc1+ is the strong threat.} 48. Rf3 Rc1+ 49. Kh2 Qb8+ 50. Rg3 Qe5 $36 {[%mdl 2048] White must now prevent ...Kd6. Black has strong initiative.} 51. Qxg7+ (51. Qh8 $142) 51... Qxg7 52. Rxg7+ {[%mdl 4096] Endgame KRB-KRB} Kd6 53. Ra7 (53. Rg1 $17 {keeps fighting.} Rc2 54. Kg2) 53... Bb5 54. Bf3 (54. Rb7 $17 Bc6 55. Rb6) 54... d4 $19 55. a4 Bc4 56. a5 Ra1 57. Ra8 d3 58. Kg3 (58. Rh8 $142 Bd5 59. Rh3) 58... Bd5 59. Rc8 {intending Rc3.} d2 (59... Ke5 $142 60. Rd8 d2) 60. Rc2 (60. Kf4 $142) 60... Bxf3 61. Rxd2+ {KRB-KR} Bd5 62. f4 (62. Rd3 $142) 62... Rxa5 63. Rf2 Ra2 64. Rf1 Rg2+ 65. Kh3 Rg8 66. Re1 Bg2+ 67. Kh2 Bf3 68. Re3 Bd5 69. Re1 Rg4 70. Rf1 Be4 71. Rf2 Bf5 72. Rd2+ Kc5 {Accuracy: White = 43%, Black = 63%.} 0-1

[Event "GAMMA Reykjavik Open 2019"]
[Site "Reykjavik"]
[Date "2019.04.09"]
[Round "3.21"]
[White "Maisuradze, Nino"]
[Black "Kanarek, Marcel"]
[Result "0-1"]
[WhiteElo "2168"]
[BlackElo "2505"]
[Annotator "TA"]
[PlyCount "84"]
[EventDate "2019.04.04"]
[EventType "swiss"]
[EventCountry "ISL"]
[SourceTitle "playchess.com"]
[Source "ChessBase"]
[SourceQuality "1"]

{[%evp 15,84,22,33,1,19,0,20,8,15,-16,-24,-14,-16,-22,-26,-22,-19,-22,0,-17,0,-4,0,0,0,-57,-64,-60,-71,-63,-71,-117,-111,-98,-79,-81,-79,-83,-79,-87,-100,-190,-197,-200,-189,-194,-183,-184,-140,-151,-129,-116,-123,-416,-413,-390,-407,-370,-290,-284,-235,-350,-354,-730,-241,-229,0,-735,-690,-623,-606]} 1. d4 Nf6 2. Nf3 g6 3. g3 Bg7 4. Bg2 O-O 5. O-O d6 6. b3 Nc6 7. Bb2 e5 8. dxe5 Nd7 {[%cal Rd7e5]} 9. Nbd2 {A49: 1 d4 Nf6 2 Nf3 g6 3 g3: Anti-King's Indian systems} (9. Qc1 Ndxe5 10. Nxe5 Nxe5 11. c4 Re8 12. Nc3 Rb8 13. Qd2 a6 14. Rad1 Be6 15. f4 Ng4 16. h3 Nf6 17. e4 b5 18. f5 Bd7 19. g4 bxc4 20. fxg6 hxg6 {0-1 (58) Mamedov,R (2709)-McShane,L (2647) Batumi 2018}) 9... dxe5 10. e4 a5 11. Nc4 {The position is equal.} a4 12. Qd5 $146 ({Predecessor:} 12. a3 b5 13. Ne3 Bb7 14. b4 Nb6 15. Qxd8 Raxd8 16. Rad1 Nd4 17. Nd2 {0-1 (30) Bartha,S (2212)-Le Quang,K (2348) Bagneux 2000}) 12... Nb6 13. Qxd8 Rxd8 14. Nxb6 ({Not} 14. Bxe5 $2 Nxe5 15. Ncxe5 Re8 $19) ({Reject} 14. Ncxe5 a3 $17) 14... cxb6 15. Rfd1 Rxd1+ 16. Rxd1 Bg4 17. a3 {[#]} Nd4 $1 {[%mdl 512]} 18. Rd3 {[%cal Rf3d4]} (18. Bxd4 exd4) 18... Rc8 $36 {[%mdl 2048] Black is more active.} 19. Nxd4 exd4 20. f3 (20. h3 $1 $11 Rxc2 21. hxg4 Rxb2 22. bxa4) 20... Rxc2 $15 21. fxg4 Rxb2 22. bxa4 {[%mdl 4096] Endgame KRB-KRB} Bh6 {aiming for ...Be3+.} 23. h4 Be3+ 24. Kh1 Rb1+ 25. Kh2 f6 26. g5 Kf7 27. e5 fxe5 28. Bxb7 (28. Be4 $17 {was necessary.}) 28... Ke6 $19 29. Be4 {[#]} Re1 $1 30. Kg2 {[#]} Bxg5 $1 {[%mdl 512]} 31. Bb7 (31. hxg5 Rxe4) 31... Bd8 32. Kf3 Kd6 33. Rb3 Kc5 34. Be4 $2 {[%mdl 8192]} (34. Kf2 $17 {was the only defense.} Ra1 35. Rb5+ Kd6 36. Rb3) 34... Kc4 35. Rd3 Be7 36. h5 gxh5 37. Bxh7 Bg5 38. Bg6 (38. Kf2 $142 Rh1 39. Kg2) 38... Be3 39. Ke4 $2 (39. a5 bxa5 40. a4) 39... Bh6+ $2 (39... Bf2+ 40. Kf3 {[#]} Bxg3 $1 {[%mdl 512]}) 40. Kf3 Be3 $2 (40... Bg5 41. Kf2 Ra1) 41. Ke4 Bf2+ 42. Kf3 {[#]} Bxg3 $1 {[%mdl 512] Accuracy: White = 40%, Black = 59%.} 0-1

[Event "GAMMA Reykjavik Open 2019"]
[Site "Reykjavik"]
[Date "2019.04.09"]
[Round "3.22"]
[White "Tang, Andrew"]
[Black "Laustsen, Lars"]
[Result "1-0"]
[WhiteElo "2501"]
[BlackElo "2155"]
[Annotator "TA"]
[PlyCount "73"]
[EventDate "2019.04.04"]
[EventType "swiss"]
[EventCountry "ISL"]
[SourceTitle "playchess.com"]
[Source "ChessBase"]
[SourceQuality "1"]

{[%evp 9,73,0,1,4,4,-14,1,0,0,10,4,10,6,0,22,13,16,6,13,-17,-16,-7,-9,-13,-12,-39,-25,-41,-36,-25,-28,-48,-35,-60,-50,-50,-49,-89,-52,-73,-61,-57,-56,-70,-68,-63,-62,-62,97,97,100,85,97,90,123,114,119,127,145,135,258,263,821,814,768,768]} 1. d4 d5 2. Bf4 Nf6 3. e3 c5 4. Nc3 cxd4 5. exd4 a6 6. Nf3 {B13: Caro-Kann: Exchange Variation and Panov-Botvinnik Attack} Nc6 7. Ne5 e6 8. Nxc6 {The position is equal.} bxc6 9. Na4 Bd6 10. Bxd6 Qxd6 11. Bd3 O-O 12. O-O a5 13. Re1 $146 ({Predecessor:} 13. Rc1) 13... Ba6 14. a3 Bxd3 15. Qxd3 Nd7 16. Qc3 Rfb8 17. Rad1 Nb6 18. Nc5 Nc4 19. Nd3 a4 20. h4 Rb7 21. Re2 Rab8 {[%cal Rc4b2]} 22. Nb4 Rc8 23. h5 h6 24. Rd3 c5 25. dxc5 Rxc5 26. Rg3 {[%csl Gg3][%cal Rc3g7]} d4 27. Qf3 Rb8 28. Rg4 Rd8 $2 ({Of course not} 28... Rxh5 $6 {[#]} 29. Rxg7+ $1 {[%mdl 512]} Kxg7 30. Qxh5 $14) (28... Rbb5 $15 29. Qa8+ Kh7 30. Qe4+ Kg8 31. Qxd4 Qxd4 32. Rxd4 Nxb2) 29. Qf6 $1 $16 {[%csl Gg4][%cal Rf6g7]} Rg5 30. Rxg5 hxg5 31. Qxg5 $40 {[%mdl 128] Hoping for h6. Black is in trouble.} f6 32. Qg4 Ne5 33. Qe4 Qb6 {[#]} 34. h6 $1 {[%mdl 512]} gxh6 (34... Qd6 $16 35. Qh4 g5) 35. Nd3 $18 Nf7 $2 (35... Rd7 36. Nxe5 fxe5 37. Qxe5 Qd6) 36. Qg6+ {[%mdl 64] Double Attack} Kf8 37. Qxf6 {Accuracy: White = 63%, Black = 46%.} 1-0

[Event "GAMMA Reykjavik Open 2019"]
[Site "Reykjavik"]
[Date "2019.04.09"]
[Round "3.23"]
[White "Kreckovic, Milos"]
[Black "Kevlishvili, Robby"]
[Result "0-1"]
[WhiteElo "2168"]
[BlackElo "2451"]
[Annotator "TA"]
[PlyCount "38"]
[EventDate "2019.04.04"]
[EventType "swiss"]
[EventCountry "ISL"]
[SourceTitle "playchess.com"]
[Source "ChessBase"]
[SourceQuality "1"]

{[%evp 15,38,2,23,0,0,0,21,23,27,10,8,16,12,10,14,6,13,-8,-2,-43,-20,-135,-88,-144,-138]} 1. d4 d5 2. c4 c6 3. Nc3 Nf6 4. cxd5 cxd5 5. Bf4 Nc6 6. e3 a6 7. Bd3 Bg4 8. f3 Bh5 9. Nh3 {D10: Slav Defence: 3 cxd5 (without early Nf3) and 3 Nc3} (9. Nge2 e6 10. O-O Be7 11. Bg3 Bg6 12. Nf4 O-O 13. Nxg6 hxg6 14. Rc1 Rc8 15. Qe2 Nd7 16. Bf2 Nb6 17. Rcd1 {1-0 (60) Laznicka,V (2662)-Maghsoodloo,P (2649) Batumi 2018}) 9... e6 10. O-O Bd6 $146 ({Predecessor:} 10... Bg6 11. Rc1 Bxd3 12. Qxd3 Be7 13. Bg3 O-O 14. Nf4 Rc8 15. Rfd1 Bd6 16. Nce2 Nb4 {0-1 (45) Andersson,H (2051)-Laursen,B (2213) Denmark 2001}) 11. Rc1 {The position is equal.} Bg6 12. Bxd6 Bxd3 13. Qxd3 Qxd6 14. Nf4 O-O 15. Nce2 Rac8 16. a3 Na5 17. e4 Qb6 18. e5 (18. exd5 $11 {remains equal.} Nxd5 19. Nxd5 exd5 20. Rxc8 Rxc8 21. Nf4) 18... Nd7 {White must now prevent ...Nxe5.} 19. Kh1 (19. Rxc8 $142 Rxc8 20. b4) 19... Qxb2 {Accuracy: White = 24%, Black = 79%.} 0-1

[Event "GAMMA Reykjavik Open 2019"]
[Site "Reykjavik"]
[Date "2019.04.09"]
[Round "3.24"]
[White "Giacomini, Hector"]
[Black "Korley, Kassa"]
[Result "0-1"]
[WhiteElo "2167"]
[BlackElo "2440"]
[Annotator "TA"]
[PlyCount "192"]
[EventDate "2019.04.04"]
[EventType "swiss"]
[EventCountry "ISL"]
[SourceTitle "playchess.com"]
[Source "ChessBase"]
[SourceQuality "1"]

{[%evp 20,192,15,10,8,0,2,0,0,0,5,0,0,-18,-15,-20,-20,-16,-16,-23,-23,-23,-13,-14,-6,-40,-25,-102,-101,-92,-94,-98,-105,-131,-117,-125,-130,-129,-102,-138,-114,-129,-123,-121,-117,-131,-114,-112,-114,-129,-112,-137,-122,-128,-118,-109,-91,-115,-88,-104,-80,-80,-88,-96,-94,-170,-174,-164,-168,-170,-104,-104,-104,-104,-106,-140,-57,-65,-72,-65,-41,-54,-28,-25,-24,-28,-18,-16,0,0,0,0,-6,-6,0,-6,-6,-12,-8,-8,0,0,0,0,0,-8,-8,-8,-8,-8,-8,-8,-8,-8,-8,-8,-8,-8,-8,-8,0,-8,-7,-7,0,-8,0,0,0,0,0,0,0,0,0,0,0,-8,-8,-8,0,0,0,-8,0,0,0,-8,0,0,0,0,0,0,0,0,0,-52,-52,-52,-52,-52,-52,-52,-52,-50,-32,-33,-12,-27,-12,-13,-24,-68,-32]} 1. Nf3 d5 2. e3 Nf6 3. d4 e6 4. Bd3 b6 5. O-O Bb7 6. b3 Be7 7. Bb2 O-O 8. Nbd2 c5 9. c4 Nc6 10. Rc1 cxd4 11. exd4 Qb8 {E14: Queen's Indian: Classical Variation (4 e3)} (11... Rc8 12. Qe2 Re8 13. Rfe1 Bf8 14. h3 g6 15. Qe3 Bg7 16. a3 Nd7 17. cxd5 exd5 18. Qxe8+ Qxe8 19. Rxe8+ Rxe8 20. b4 Nf8 21. Ne5 Rc8 22. Nxc6 {½-½ (22) Sargissian,G (2672)-Anand,V (2782) Riadh 2017}) 12. Qe2 Qf4 13. Qe3 Qxe3 {The position is equal.} 14. fxe3 dxc4 15. bxc4 Rac8 $146 ({Predecessor:} 15... Rfd8 16. a3 Rac8 17. h3 Ba6 18. Rc3 Na5 19. Rfc1 Rc7 20. Bf1 Rdc8 21. Kf2 Ne8 22. Kg1 {½-½ (22) Jenei,F-Navarovszky,L Budapest 1959}) 16. h3 Rc7 17. a3 Ba6 18. Rc2 Rfc8 19. Rfc1 Na5 20. Kf2 Ne8 21. Ke2 f6 22. e4 Nd6 {[%cal Rd6c4]} 23. c5 (23. Bc3 $1 $11) 23... Bxd3+ $17 24. Kxd3 {[#]} bxc5 $1 25. dxc5 Ndb7 {[%cal Rb7c5]} 26. c6 Rxc6 27. Rxc6 Nxc6 28. Nb3 Kf7 29. g4 Nbd8 30. Nbd4 e5 31. Nxc6 Nxc6 32. Rc4 Ke6 33. h4 Kd7 34. h5 Rb8 35. Kc2 Nd8 36. Nh4 Ne6 37. Nf5 Bf8 38. Ne3 Nf4 39. Bc1 g6 40. hxg6 hxg6 41. Bb2 Bd6 {[#]} 42. Ra4 (42. g5 $1 $17 {[%mdl 512] was worth a try.}) 42... Bc5 $19 43. Nc4 Ne6 44. Ra6 Bb6 (44... Rc8 $19 {White must now prevent ...Bb6.} 45. Bc3 Bf2) 45. Nxb6+ $17 axb6 {[%mdl 4096] Endgame KRB-KRN} ({Reject} 45... Rxb6 46. Rxa7+ Kc8 47. Ra4 $11) 46. Ra7+ Kd6 47. Bc3 Rh8 (47... Kc6 $17 48. Rf7 Rf8 49. Rxf8 Nxf8) 48. Bb4+ $15 Kc6 49. Rf7 Nd4+ 50. Kd1 Kb5 51. Rxf6 Kc4 52. Ke1 b5 53. Bd6 Rh2 54. Bxe5 Nc2+ 55. Kd1 Ne3+ 56. Kc1 Rc2+ 57. Kb1 $132 {[%mdl 2048] White is not keeping still} Rg2 {aiming for ...Kb3.} 58. Rf3 ({Don't blunder} 58. Rxg6 $2 Kb3 $19) 58... Re2 59. Bb2 Re1+ 60. Ka2 Re2 61. Kb1 Nd1 62. Ba1 Rxe4 63. g5 Re1 64. Ka2 Re2+ 65. Kb1 Ne3 66. Bb2 Nd5 67. Bf6 Rg2 68. Kc1 Kc5 69. Kb1 Kc6 70. Kc1 Kb6 71. Bd8+ Kc6 72. Bf6 Nb6 73. Rc3+ Kd5 74. Rd3+ Kc5 75. Kb1 Nc4 76. Be7+ Kc6 77. Bf6 Re2 78. Rc3 Kd5 79. Kc1 Ne3 80. Kb1 Nc4 81. Kc1 Nd6 82. Rd3+ Ke6 83. Rb3 Re4 84. Kc2 Rf4 85. Rc3 Ne4 86. Rc6+ Kd7 87. Rb6 Rf5 88. Kb3 (88. Rb7+ $11 Kd6 89. Rg7) 88... Kc7 89. Bd4 Rd5 90. Bg1 Rxg5 91. Bd4 Rd5 92. Bg1 Nd6 93. Ra6 $1 Rd2 94. Kb4 g5 {...g4 is the strong threat.} 95. Be3 Rd5 96. Bc5 Ne4 {Accuracy: White = 71%, Black = 58%.} 0-1

[Event "GAMMA Reykjavik Open 2019"]
[Site "Reykjavik"]
[Date "2019.04.09"]
[Round "3.25"]
[White "Abrahams, Daniel"]
[Black "Astaneh Lopez, Alex"]
[Result "0-1"]
[WhiteElo "2143"]
[BlackElo "2427"]
[Annotator "TA"]
[PlyCount "54"]
[EventDate "2019.04.04"]
[EventType "swiss"]
[EventCountry "ISL"]
[SourceTitle "playchess.com"]
[Source "ChessBase"]
[SourceQuality "1"]

{[%evp 10,54,18,0,68,8,35,26,42,16,40,27,32,7,20,10,13,4,18,18,18,14,19,0,22,0,12,4,51,56,62,62,63,71,70,69,69,68,346,79,81,28,15,-1310,-1265,-1147,-1109]} 1. c4 c6 2. d4 d5 3. g3 dxc4 4. Nf3 g6 5. Bg2 Bg7 6. O-O {LiveBook: 7 Games. D10: Slav Defence: 3 cxd5 (without early Nf3) and 3 Nc3} Bg4 (6... Nf6 $11) (6... Nd7 7. a4 a5 8. Qc2 Nb6 9. Rd1 Nf6 10. e4 O-O 11. h3 Ne8 12. Na3 f5 13. Nxc4 fxe4 {1-0 (31) Van Wely,L (2663)-Fressinet,L (2657) Germany 2018}) 7. e3 (7. Nbd2 $14) 7... Nd7 8. Qc2 {White is slightly better.} Nb6 9. a4 a5 10. Na3 Nf6 11. Nxc4 Nxc4 12. Qxc4 Qd5 $146 13. Qxd5 Nxd5 14. Bd2 O-O 15. Rfc1 Rfc8 16. Ra3 b6 17. Rb3 Rab8 18. e4 Nc7 (18... Nb4 $5) 19. Rxc6 Bxf3 20. Bxf3 Bxd4 21. Bg4 Ne6 22. Rxe6 $1 fxe6 23. Bxe6+ Kf8 $2 {[%mdl 8192]} (23... Kg7 $14) 24. Bxc8 $2 (24. Bh6+ $18 {and the rest is easy.} Ke8 25. Rf3 (25. Bxc8 Rxc8 26. Be3 Bxe3 $16)) 24... Rxc8 $16 25. Bc3 (25. Rf3+ $16 Ke8 26. b3) 25... Bxc3 $11 26. Rxc3 $4 {[%mdl 8192]} (26. bxc3 $11 Rc4 27. e5 (27. Rxb6 Rxe4 28. Kf1 Rxa4 $11)) 26... Rxc3 $19 27. bxc3 {[#]} b5 $1 {[%mdl 512] Precision: White = 22%, Black = 33%.} 0-1

[Event "GAMMA Reykjavik Open 2019"]
[Site "Reykjavik"]
[Date "2019.04.09"]
[Round "3.26"]
[White "Briem, Stephan"]
[Black "Yoo, Christopher Woojin"]
[Result "0-1"]
[WhiteElo "2138"]
[BlackElo "2414"]
[Annotator "TA"]
[PlyCount "142"]
[EventDate "2019.04.04"]
[EventType "swiss"]
[EventCountry "ISL"]
[SourceTitle "playchess.com"]
[Source "ChessBase"]
[SourceQuality "1"]

{[%evp 15,142,0,0,0,25,-3,0,0,0,0,0,0,-3,-15,-12,-17,5,-4,0,-22,-22,-36,-33,-32,-7,-23,0,-35,-27,-39,-11,-31,-33,-35,-17,-15,-3,-7,-6,-21,0,-27,-10,-17,10,0,0,0,0,0,0,0,0,-50,-51,-35,-12,-95,-70,-52,-43,-73,-80,-112,-109,-95,-41,-42,-41,-131,-121,-103,-103,-105,-105,-105,-85,-168,-168,-183,-183,-179,-97,-109,-110,-97,-104,-95,-83,-100,-75,-75,-75,-75,-75,-75,-53,-1714,-1619,-1594,-1487,-1743,-1765,-1750,-1668,-29971,-29970,-29975,-29976,-29976,-29977,-29977,-29978,-29978,-29979,-29979,-29980,-29991,-29981,-29981,-29982,-29982,-29983,-29983,-29984,-29988,-29989,-29994,-376]} 1. d4 Nf6 2. c4 g6 3. Nc3 d5 4. cxd5 Nxd5 5. Bd2 Bg7 6. e4 Nxc3 7. Bxc3 O-O 8. Nf3 Bg4 9. Be2 {D90: Grünfeld: 4 Nf3 Bg7 sidelines} (9. Qd2 c5 10. d5 Qd6 11. Bxg7 Kxg7 12. Qc3+ f6 13. Nd2 Na6 14. Nc4 Qf4 15. Ne3 Bd7 16. Bxa6 bxa6 {1-0 (61) Lupulescu,C (2630)-Areshchenko,A (2720) Warsaw 2013}) 9... Nc6 10. d5 Bxc3+ 11. bxc3 {The position is equal.} Bxf3 12. Bxf3 Ne5 {[%cal Bc6e5,Be5d7,Bd7c5][%mdl 32]} 13. Be2 c6 14. O-O $146 ({Predecessor:} 14. Qd4 Qd6 15. dxc6 Nxc6 16. Qxd6 exd6 {1-0 (65) Shishkin,V (2468)-Yankelevich,L (2440) Alba Iulia 2017}) 14... cxd5 15. exd5 Nd7 16. Qd4 Qb6 17. Rfd1 Rfc8 18. Rab1 Qxd4 19. Rxd4 Nc5 20. f4 Rd8 21. Kf2 Rd6 22. Ke3 e6 23. Bf3 Re8 24. dxe6 Rexe6+ 25. Kd2 b6 26. g3 Rd7 27. Re1 Rxe1 28. Kxe1 $11 {[%mdl 4096] Endgame KRB-KRN} Rc7 29. Kd2 b5 30. Bd5 a5 31. Bf3 Na4 32. Rd3 Kf8 33. Bd5 Nb6 34. Rd4 {[#]} b4 $1 {[%mdl 512]} 35. c4 (35. cxb4 Rd7) 35... a4 36. Re4 (36. Kd3 $1 $11) 36... b3 37. axb3 axb3 38. Re3 Rxc4 ({Don't play} 38... Nxc4+ 39. Bxc4 Rxc4 40. Rxb3 $11) 39. Be4 Na4 {aiming for ...Rd4+.} 40. Bb1 b2 ({Better is} 40... Rd4+ $17 41. Kc1 Rc4+ 42. Kd2 Nc5) 41. Rb3 $1 $15 Rd4+ 42. Ke3 (42. Kc2 $15) 42... Rd1 $17 43. Bc2 Re1+ 44. Kd4 Rc1 45. Bd3 Rc6 46. Rb4 (46. f5 $17) 46... Rd6+ $19 47. Ke3 {[#] intending Bc2.} Nc3 $1 {[%cal Rc3d5] Hoping for ...Nd5+.} 48. Rb8+ {[#]} Kg7 (48... Ke7 $1 $19 {...Rxd3+! is the strong threat.} 49. Bc2 Nd5+ 50. Ke2 Nb6 51. Rb7+ Kd8) 49. Bc2 $17 Nd5+ 50. Ke2 Nb6 51. Rb7 Nc4 52. Bd3 Rb6 (52... Re6+ {is more complex.} 53. Kd1 Nb6 54. Bb1 Rc6 55. Kd2 Rc1) 53. Rxb6 Nxb6 {KB-KN} 54. Kd2 Nd5 55. Bb1 f5 {And now ...Nf6 would win.} 56. h3 $2 {[%mdl 8192]} (56. Kc2 $15) 56... Nf6 $19 57. Kc3 Nh5 58. g4 fxg4 59. hxg4 Nxf4 60. Kxb2 Kf6 {Black mates.} 61. Kc3 Kg5 62. Kd2 Kxg4 63. Ke1 Kg3 64. Kf1 h5 65. Kg1 h4 66. Kh1 g5 67. Be4 Nh3 68. Bg2 Nf2+ 69. Kg1 h3 70. Bxh3 Nxh3+ 71. Kh1 Kf2 {Accuracy: White = 28%, Black = 62%.} 0-1